000 01038nam a2200301 i 4500
001 000033265
003 DO-SdBNP
005 20260421134321.0
007 ta
008 091125s1981 dr 001 0 spa d
040 _aDO-SdBNP
_bspa
_cBNPHU
_erda
041 _aspa
082 4 _a305.897293
_bC697t
_222
100 1 _aCollado, Lipe,
_d1947-
_eautor
_4aut.
_979819
245 1 3 _aEl tíguere dominicano /
_cLipe Collado.
264 1 _aSanto Domingo :
_bUniversidad Autónoma de Santo Domingo,
_c1981.
300 _a40 páginas ;
_c21 cm.
336 _atexto
_btxt
_2rdacontent
337 _asin mediación
_bn
_2rdamedia
338 _avolumen
_bnc
_2rdacarrier
590 _aInventariado, 2018/BT
650 4 _aIdentidad cultural
_zRepública Dominicana
_xEnsayos, conferencias, etc.
_930841
650 4 _aPsicología social
_zRepública Dominicana
_930842
650 4 _aEnsayos dominicanos
_965
651 4 _aRepública Dominicana
_xCaracterísticas nacionales
_91720
910 _aValidado. Control de la calidad. EMS
942 _2ddc
_cLF2
999 _c32756
_d32756